İbrahim Edhem destanı (Record no. 4459)

000 -LEADER
fixed length control field 00903nmm a2200289 a 4500
001 - CONTROL NUMBER
control field ocm000610318
003 - CONTROL NUMBER IDENTIFIER
control field TR-IsHL
005 - DATE AND TIME OF LATEST TRANSACTION
control field 20201028131239.0
008 - FIXED-LENGTH DATA ELEMENTS--GENERAL INFORMATION
fixed length control field 131010s2011 tu tur
007 - PHYSICAL DESCRIPTION FIXED FIELD--GENERAL INFORMATION
fixed length control field cr cn
020 ## - INTERNATIONAL STANDARD BOOK NUMBER
International Standard Book Number 9786054392322
035 ## - SYSTEM CONTROL NUMBER
System control number 610318
-- (N$T)
050 04 - LIBRARY OF CONGRESS CALL NUMBER
Classification number BP189.7.B42
Item number D47 2011
090 04 - LOCALLY ASSIGNED LC-TYPE CALL NUMBER (OCLC); LOCAL CALL NUMBER (RLIN)
Classification number (OCLC) (R) ; Classification number, CALL (RLIN) (NR) BP189.7.B42
Local cutter number (OCLC) ; Book number/undivided call number, CALL (RLIN) D47 2011
100 1# - MAIN ENTRY--PERSONAL NAME
Personal name Güder, Nurcan Öznal
245 10 - TITLE STATEMENT
Title İbrahim Edhem destanı
Medium [electronic resource] /
Statement of responsibility, etc. Nurcan Öznal Güder
250 ## - EDITION STATEMENT
Edition statement 1.bs.
260 ## - PUBLICATION, DISTRIBUTION, ETC.
Place of publication, distribution, etc. Konya :
Name of publisher, distributor, etc. Eğitim Akademi Yayınevi,
Date of publication, distribution, etc. 2011
300 ## - PHYSICAL DESCRIPTION
Extent 112 p.
650 #4 - SUBJECT ADDED ENTRY--TOPICAL TERM
Topical term or geographic name entry element Felsefe, Psikoloji ve Din
650 #4 - SUBJECT ADDED ENTRY--TOPICAL TERM
Topical term or geographic name entry element Philosophy, Psychology and Religion
650 #0 - SUBJECT ADDED ENTRY--TOPICAL TERM
Topical term or geographic name entry element İbrahim Edhem
650 #0 - SUBJECT ADDED ENTRY--TOPICAL TERM
Topical term or geographic name entry element Bektaşilik
650 #0 - SUBJECT ADDED ENTRY--TOPICAL TERM
Topical term or geographic name entry element Bektashism
650 #7 - SUBJECT ADDED ENTRY--TOPICAL TERM
Topical term or geographic name entry element RELIGION / Islam / Shi'a
Source of heading or term bisacsh
856 40 - ELECTRONIC LOCATION AND ACCESS
Uniform Resource Identifier <a href="http://search.ebscohost.com/login.aspx?direct=true&scope=site&db=e011xww&AN=610318">http://search.ebscohost.com/login.aspx?direct=true&scope=site&db=e011xww&AN=610318</a>
Holdings
Withdrawn status Lost status Source of classification or shelving scheme Damaged status Not for loan Collection code Permanent Location Current Location Date acquired Total Checkouts Full call number Barcode Date last seen Price effective from Koha item type
        Online   Kıbrıs Amerikan Üniversitesi Kütüphanesi / American University of Cyprus Kıbrıs Amerikan Üniversitesi Kütüphanesi / American University of Cyprus 28.10.2020   BP189.7.B42 D47 2011 610318 28.10.2020 28.10.2020 E-Kitap
Devinim Yazılım Eğitim Danışmanlık tarafından Koha'nın orjinal sürümü uyarlanarak geliştirilip kurulmuştur.